000 01506cas a22003977a 4500
005 20231010062647.0
008 990316c1990 cr ar pernn 0 0b1spa d
010 _a77275
011 _a78247
022 0 _a1021-7444
035 _a88122
245 0 0 _aAgronomía Mesoamericana
_c/por Programa Cooperativo Centroamericano de Mejoramiento de Cultivos y Animales
260 0 _aAlajuela, C.R. :
_bUniversidad de Costa Rica. Estación Experimental Fabio Baudrit Moreno,
_c1990-
300 _av.
310 _aAnual
362 1 _av.9 n.1, 1998
590 _aBATCH-UPD
_b10
_c20130110
_lUCH01
_h0213
590 _aBATCH-UPD
_b10
_c20130409
_lUCH01
_h2229
590 _aBATCH-UPD
_b10
_c20130913
_lUCH01
_h1957
590 _aCONVERSION
_b10
_c20130109
_lUCH01
_h1343
650 1 4 _aAgricultura
_xAmérica Central
_xPublicaciones periódicas.
_91185
650 1 7 _aAgricultura
_xPublicaciones periódicas
_2
_91772
866 _av. 10 n. 1 (1999)
866 _av. 13 n. 1 (2002) - v. 15 n. 3 (2004)
866 _av. 16 n. 1 (2005) - v. 16 n. 2 (2005)
866 _av. 17 n. 1 (2006) - v. 17 n. 3 (2006)
866 _av. 18 n. 1 (2007) - v. 18 n. 2 (2007)
866 _av. 19 n. 1 (2008) - v. 20 n. 2 (2009)
866 _av. 21 n. 1 (2010)
866 _av. 9 n. 1 (1998) - v. 9 n. 2 (1998)
866 _av.4 -6 - (1993-1995)
866 _av.7 n.1-2 - (1996)
866 _av.8 n.2 - (1997)
901 _aSE
905 _aLilia Sánchez G.
999 _c77275
_d77275